Qué es administración (Registro nro. 2248)

Detalles MARC
000 -LEADER
fixed length control field 01289 a2200277 4500
001 - CONTROL NUMBER
control field 32094
005 - DATE AND TIME OF LATEST TRANSACTION
control field 20260407155622.0
008 - FIXED-LENGTH DATA ELEMENTS--GENERAL INFORMATION
fixed length control field 260407a1998 arg spa d
003 - CONTROL NUMBER IDENTIFIER
control field AR-UNSa-BCEJYS
040 ## - CATALOGING SOURCE
Original cataloging agency AR-UNSa-BCEJYS
Language of cataloging spa
Transcribing agency AR-UNSa-BCEJYS
080 ## - UNIVERSAL DECIMAL CLASSIFICATION NUMBER
Universal Decimal Classification number 658.01
Common auxiliary subdivision Metodología. Teoría y práctica de la organización( teoria de la organización, análisis organizacional...)
020 ## - INTERNATIONAL STANDARD BOOK NUMBER
International Standard Book Number 950-537-421-6
100 1# - MAIN ENTRY--PERSONAL NAME
Personal name Geli, Alejandro César
245 10 - TITLE STATEMENT
Title Qué es administración
264 #1 - PRODUCTION, PUBLICATION, DISTRIBUTION, MANUFACTURE, AND COPYRIGHT NOTICE
Place of production, publication, distribution, manufacture Buenos Aires :
Name of producer, publisher, distributor, manufacturer Ediciones Macchi
Date of production, publication, distribution, manufacture, or copyright notice 1998
300 ## - PHYSICAL DESCRIPTION
Extent 393 p.
Dimensions 23 cm.
505 ## - FORMATTED CONTENTS NOTE
Formatted contents note 1. Conociendo a la administración, a las organizaciones y a la adminsitración de organizaciones - 2.Evolución del pensamiento de administración - 3. Diseño de estrategia organizacional - 4. Estructura de la organización (estudio de las formas que adoptan las organizaciones para la articulación del valor agregado)- 5. Procesos administrativo - 6. Especificidades y demanadas al conocimiento administrativo contemporaneo.
590 ## - LOCAL NOTE (RLIN)
Local note niveau_biblio:m niveau_hierar:0
700 1# - ADDED ENTRY--PERSONAL NAME
Personal name Larocca, Héctor A.
700 1# - ADDED ENTRY--PERSONAL NAME
Personal name Barcos, Santiago J.
700 1# - ADDED ENTRY--PERSONAL NAME
Personal name Narvaez, Jorge L.
700 1# - ADDED ENTRY--PERSONAL NAME
Personal name Fainstein, Héctor N.
700 1# - ADDED ENTRY--PERSONAL NAME
Personal name Franco, Jorge A.
700 1# - ADDED ENTRY--PERSONAL NAME
Personal name Nuñez, Graciela A.
942 ## - ADDED ENTRY ELEMENTS (KOHA)
Koha item type
Existencias
Withdrawn status Lost status Damaged status Not for loan Home library Current library Shelving location Date acquired Total checkouts Full call number Barcode Date last seen Price effective from Koha item type
        Biblioteca Prof. Eusebio Cleto del Rey Biblioteca Prof. Eusebio Cleto del Rey   07/04/2026   658.01 G317 L69890 07/04/2026 07/04/2026 Libro
        Biblioteca Prof. Eusebio Cleto del Rey Biblioteca Prof. Eusebio Cleto del Rey   07/04/2026   658.01 G317 L85588 07/04/2026 07/04/2026 Libro